Football - Les coéquipiers français de Mohammed Salah - Statistiques

Statistiques générales
  • Ce quiz a été pris 146 fois
  • Le résultat moyen est 2 sur 6
Statistiques - réponses
Club et poste Minutes jouées ensemble Joueurs % Correct
Liverpool (DEF) 6337 minutes jouées Ibrahima KONATÉ
100%
AS Rome (DEF) 2793 minutes jouées Lucas DIGNE
49%
Chelsea (ATT) 154 minutes jouées Loïc REMY
22%
AS Rome (MIL) 149 minutes jouées Clément GRENIER
8%
Liverpool (DEF) 44 minutes jouées Billy KOUMETIO
5%
AS Rome (MIL) 708 minutes jouées William VAINQUEUR
3%
Aucun quiz correspondant
Distribution des résultats
% des personnes avec chaque résultat
Percentile par nombre de réponses
Votre historique - résultats
Vous n’avez pas pris ce quiz